=LDR 00000nam 2200000 4500 =001 INLIS000000000048198 =005 20160913120338.0 =006 =007 =008 =035 ##$$0010-091600000000015 =082 ##$$a 425.07.ALY =100 ##$$a ALY ABDULLLAH =245 ##$$a A PRACTICAL ENGLISH TENSES =260 ##$$a SOLO $b CV ANEKA $c 1992 =300 ##$$a 110 HLM $c 17 CM =440 ##$$a PRAKTEK MENGGUNAKAN PERUBAHAN WAKTU BAHASA INGGRIS =850 ##$$a NBPNMAT =990 ##$$a 0001/BPAP-NTB/2016 =990 ##$$a 12721272 =990 ##$$a 01201901272 =990 ##$$a 0001/BPAP-NTB/2016